<?xml version="1.0" encoding="UTF-8"?>
<record
    xmlns:xsi="http://www.w3.org/2001/XMLSchema-instance"
    xsi:schemaLocation="http://www.loc.gov/MARC21/slim http://www.loc.gov/standards/marcxml/schema/MARC21slim.xsd"
    xmlns="http://www.loc.gov/MARC21/slim">

  <leader>01137nam a22002537a 4500</leader>
  <controlfield tag="003">DO-SdBNP</controlfield>
  <controlfield tag="005">20240412074310.0</controlfield>
  <controlfield tag="007">ta</controlfield>
  <controlfield tag="008">100127t2007    dr            001 0dspa d</controlfield>
  <datafield tag="040" ind1=" " ind2=" ">
    <subfield code="a">DO-SdBNP</subfield>
    <subfield code="b">spa</subfield>
    <subfield code="c">BNPHU</subfield>
  </datafield>
  <datafield tag="082" ind1=" " ind2="4">
    <subfield code="2">22</subfield>
  </datafield>
  <datafield tag="100" ind1="1" ind2=" ">
    <subfield code="a">G&#xF3;mez Ram&#xED;rez, Jos&#xE9; Miguel,</subfield>
    <subfield code="d">1948 -</subfield>
    <subfield code="9">33753</subfield>
  </datafield>
  <datafield tag="245" ind1="1" ind2="0">
    <subfield code="a">Trazs anecd&#xF3;ticos /</subfield>
    <subfield code="c">Jos&#xE9; Miguel G&#xF3;mez Ram&#xED;rez ; pr&#xF3;logo Isidra Mej&#xED;as de la Rocha.</subfield>
  </datafield>
  <datafield tag="260" ind1=" " ind2=" ">
    <subfield code="a">Santo Domingo :</subfield>
    <subfield code="b">Lozano,</subfield>
    <subfield code="c">2007.</subfield>
  </datafield>
  <datafield tag="300" ind1=" " ind2=" ">
    <subfield code="a">482 p. ;</subfield>
    <subfield code="c">22 cm.</subfield>
  </datafield>
  <datafield tag="500" ind1=" " ind2=" ">
    <subfield code="a">Incluye datos biogr&#xE1;ficos del autor en la contracubierta.</subfield>
  </datafield>
  <datafield tag="505" ind1="2" ind2=" ">
    <subfield code="a">Notas del autor--</subfield>
    <subfield code="t">Pr&#xF3;logo --</subfield>
    <subfield code="r">Minucias femeninas--</subfield>
    <subfield code="t">Sabores de justicia --</subfield>
    <subfield code="t">Rasgos militares --</subfield>
    <subfield code="t">Trazos de muerte --</subfield>
    <subfield code="t">Semblanza de animales --</subfield>
    <subfield code="t">Conducta de escritores --</subfield>
    <subfield code="t">Comportamiento de m&#xFA;sicos --</subfield>
    <subfield code="t">Mujeres extraordinarias --</subfield>
    <subfield code="t">Peculiaridades --</subfield>
    <subfield code="t">Cavilaciones --</subfield>
    <subfield code="t">Religiosas --</subfield>
    <subfield code="t">Otras.</subfield>
  </datafield>
  <datafield tag="590" ind1=" " ind2=" ">
    <subfield code="a">Inventariado, 2023/BT</subfield>
  </datafield>
  <datafield tag="650" ind1=" " ind2="4">
    <subfield code="a">Personajes famosos</subfield>
    <subfield code="x">An&#xE9;cdotas, ch&#xED;stes y s&#xE1;tiras</subfield>
    <subfield code="9">33755</subfield>
  </datafield>
  <datafield tag="650" ind1=" " ind2="4">
    <subfield code="a">An&#xE9;cdotas</subfield>
    <subfield code="9">21242</subfield>
  </datafield>
  <datafield tag="650" ind1=" " ind2="0">
    <subfield code="a">Literatura dominicana.</subfield>
    <subfield code="9">67</subfield>
  </datafield>
  <datafield tag="700" ind1="1" ind2=" ">
    <subfield code="a">Mej&#xED;as de la Rocha, Isidra,</subfield>
    <subfield code="e">pr&#xF3;logo</subfield>
    <subfield code="9">33756</subfield>
  </datafield>
  <datafield tag="942" ind1=" " ind2=" ">
    <subfield code="2">ddc</subfield>
    <subfield code="c">LBS1</subfield>
  </datafield>
  <datafield tag="952" ind1=" " ind2=" ">
    <subfield code="0">0</subfield>
    <subfield code="1">0</subfield>
    <subfield code="2">ddc</subfield>
    <subfield code="5">1</subfield>
    <subfield code="7">0</subfield>
    <subfield code="8">PD</subfield>
    <subfield code="a">BNPHU</subfield>
    <subfield code="b">BNPHU</subfield>
    <subfield code="c">CT</subfield>
    <subfield code="d">2023-03-15</subfield>
    <subfield code="e">Donaci&#xF3;n</subfield>
    <subfield code="l">0</subfield>
    <subfield code="p">2023-1191</subfield>
    <subfield code="r">2023-03-15</subfield>
    <subfield code="w">2023-03-15</subfield>
    <subfield code="y">LBS1</subfield>
  </datafield>
  <datafield tag="999" ind1=" " ind2=" ">
    <subfield code="c">53151</subfield>
    <subfield code="d">53151</subfield>
  </datafield>
</record>
